Library Banner

Understanding log-linear analysis with ilog: (Record no. 8373)

MARC details
000 -LEADER
fixed length control field 00545nam a2200193Ia 4500
001 - CONTROL NUMBER
control field 6868
008 - FIXED-LENGTH DATA ELEMENTS--GENERAL INFORMATION
fixed length control field 140320s9999 xx 000 0 und d
020 ## - INTERNATIONAL STANDARD BOOK NUMBER
International Standard Book Number 0-8058-1240-7
040 ## - CATALOGING SOURCE
Transcribing agency PK-LaUMT
082 ## - DEWEY DECIMAL CLASSIFICATION NUMBER
Classification number 519.535
Item number BAK-U
100 ## - MAIN ENTRY--PERSONAL NAME
Personal name Bakeman, Roger
245 ## - TITLE STATEMENT
Title Understanding log-linear analysis with ilog:
Remainder of title an interactive.
Statement of responsibility, etc Bakeman, Roger<>Robinson, Byron F., Jt. Auth.
260 ## - PUBLICATION, DISTRIBUTION, ETC. (IMPRINT)
Date of publication, distribution, etc 1994.
300 ## - PHYSICAL DESCRIPTION
Extent 139 p.
546 ## - LANGUAGE NOTE
Language note EN
650 ## - SUBJECT ADDED ENTRY--TOPICAL TERM
Topical term or geographic name as entry element Log-linear models-data processing
700 ## - ADDED ENTRY--PERSONAL NAME
Personal name Robinson, Byron F., Jt. Auth.
942 ## - ADDED ENTRY ELEMENTS (KOHA)
Koha item type Books
Holdings
Withdrawn status Lost status Damaged status Not for loan Home library Current library Date acquired Total Checkouts Full call number Barcode Date last seen Price effective from Koha item type
        UMT Main Campus UMT Main Campus 2014-03-20   519.535 BAK-U 7848 2014-03-20 2014-03-20 Books